El principio de precaución medioambiental en el estado Colombiano (Registro nro. 165808)
[ vista simple ]
| 000 -ENCABEZADO | |
|---|---|
| Número de control [NR] | 01167nam a22002777a 4500 |
| 008 - DE LONGITUD FIJA DE DATOS DE ELEMENTOS - INFORMACIÓN GENERAL | |
| Elementos de longitud fija [NR] | 130821s2012 ck a gr spa |
| 020 ## - NUMERO INTERNACIONAL NORMALIZADO PARA LIBROS [R] | |
| Número Internacional Normalizado del libro [NR] | 9789588755366 |
| 040 ## - FUENTE DE CATALOGACION [NR] | |
| Agencia de catalogación original [NR] | CO-BoUCM |
| Idioma de catalogación [NR] | Español |
| Quien Cataloga | |
| Quien Clasifica | |
| 041 00 - CODIGO DE IDIOMA [R] | |
| Código de idioma para texto/pista de sonido o título separado [R] | Español |
| 082 04 - NUMERO DE CLASIFICACION DECIMAL DEWEY [R] | |
| Número de clasificación [R] | 344.046 |
| Número de la edición [NR] | 20 |
| 100 1# - ASIENTO PRINCIPAL--NOMBRE PERSONAL [NR] | |
| Nombre personal [NR] | Agudelo Sánchez, Luz Elena |
| ID Autoridad | 33238 |
| 245 13 - MENCION DE TITULO [NR] | |
| Título [NR] | El principio de precaución medioambiental en el estado Colombiano |
| Mención de responsabilidad, etc. [NR] | Luz Elena Agudelo Sánchez, Fausto Enrique Huerta Gutiérrez |
| 260 ## - PUBLICACION, DISTRIBUCION, ETC. (PIE DE IMPRENTA) [R] | |
| Lugar de publicación, distribución, etc. [R] | Pereira (Risaralda, Colombia) |
| Nombre del editor, distribuidor, etc. [R] | Universidad Libre |
| Fecha de publicación, distribución, etc. [R] | 2012 |
| 300 ## - DESCRIPCION FISICA [R] | |
| Extensión [R] | 172 páginas |
| Otros detalles físicos [NR] | ilustraciones, gráficas |
| 504 ## - NOTA DE BIBLIOGRAFIA, ETC. [R] | |
| Nota de bibliografía, etc. [NR] | Incluye referencias bibliográficas |
| 650 #4 - ASIENTO SECUNDARIO DE MATERIA - TERMINO TEMATICO [R] | |
| Término temático o nombre geográfico como elemento de entrada [NR] | Principio de precaución |
| Subdivisión geográfica [R] | Colombia |
| 9 (RLIN) | 34550 |
| 650 #7 - ASIENTO SECUNDARIO DE MATERIA - TERMINO TEMATICO [R] | |
| Término temático o nombre geográfico como elemento de entrada [NR] | Control ambiental |
| Subdivisión geográfica [R] | Colombia |
| 9 (RLIN) | 34548 |
| 650 #7 - ASIENTO SECUNDARIO DE MATERIA - TERMINO TEMATICO [R] | |
| Término temático o nombre geográfico como elemento de entrada [NR] | Derecho ambiental |
| Subdivisión geográfica [R] | Colombia |
| 9 (RLIN) | 34549 |
| 650 #7 - ASIENTO SECUNDARIO DE MATERIA - TERMINO TEMATICO [R] | |
| Término temático o nombre geográfico como elemento de entrada [NR] | Protección del medio ambiente |
| Subdivisión geográfica [R] | Colombia |
| 9 (RLIN) | 34551 |
| 651 #4 - ASIENTO SECUNDARIO DE MATERIA - NOMBRE GEOGRAFICO [R] | |
| Nombre geográfico [NR] | Colombia |
| Subdivisión general [R] | Administración pública |
| 9 (RLIN) | 27454 |
| 690 ## - ASUNTO AGREGADO LOCAL DE ENTRADA - TÉRMINO TEMÁTICO (OCLC, RLIN) | |
| Acceso temático local | Administración pública |
| 690 ## - ASUNTO AGREGADO LOCAL DE ENTRADA - TÉRMINO TEMÁTICO (OCLC, RLIN) | |
| Acceso temático local | Derecho ambiental |
| 700 1# - ASIENTO SECUNDARIO - NOMBRE PERSONAL [R] | |
| Nombre personal [NR] | Huerta Gutiérrez, Fausto Enrique |
| 9 (RLIN) | 33239 |
| 710 1# - ASIENTO SECUNDARIO - NOMBRE CORPORATIVO [R] | |
| Nombre corporativo o de jurisdicción como elemento de entrada [NR] | Universidad Libre (Seccional Pereira) |
| 9 (RLIN) | 33231 |
| 942 ## - ELEMENTOS DE ENTRADA AGREGADOS (KOHA) | |
| Tipo de ítem principal el descrito en 300a | Libro |
| Tema principal | Derecho |
| Edición | 1 |
| Parte restante de la signatura top. | A282 |
| Sistema de clasificación | DEWEY |
| Clasificación | 344.046 |
| Suprimido | Perdido | Sistema de clasificación | Dañado | No prestable | Tipo de ítem específico | Ubicación habitual | Ubicación actual | Localización | Fecha de creación | Proveedor | Forma de adquisición | Costo | Total préstamos | Total Renewals | Signatura topográfica | Código de barras | Última vez visto | Fecha de último préstamo | Ejemplar | Costo de reposición | Price effective from | Tipo de ítem |
|---|---|---|---|---|---|---|---|---|---|---|---|---|---|---|---|---|---|---|---|---|---|---|
| DEWEY | Libro | Claustro | Claustro | 3er piso | 12/03/2013 | 12 | Donación | 26000.00 | 9 | 19 | 344.046 A282 | 100133666 | 05/12/2025 | 07/02/2023 | Ej.1 | 26000.00 | 12/03/2013 | Libro |